[Event "SVK Extraliga 2019-20"]
[Site "Slovakia"]
[Date "2019.11.23"]
[Round "3.8"]
[White "Kusiak, Matej"]
[Black "Jancovic, Peter"]
[Result "1-0"]
[WhiteElo "2234"]
[BlackElo "2304"]
[Annotator "NA"]
[PlyCount "131"]
[EventDate "2019.10.19"]
[EventType "team-tourn"]
[EventCountry "SVK"]
[SourceTitle "playchess.com"]
[Source "ChessBase"]
[SourceQuality "1"]
[WhiteTeam "Prakovce"]
[BlackTeam "Slovan"]
[TimeControl "40/5400+30:1800+30"]

1. e4 {[%emt 0:03:28]} c5 {[%emt 0:00:00]} 2. Nf3 {[%emt 0:00:05]} d6 {[%emt 0:00:03]} 3. Bb5+ {[%emt 0:00:24]} Nd7 {[%emt 0:00:17]} 4. d4 {[%emt 0:00:05]} cxd4 {[%emt 0:01:24]} 5. Qxd4 {[%emt 0:00:13]} a6 {[%emt 0:00:51]} 6. Be2 {[%emt 0:00:26]} e5 {[%emt 0:00:30]} 7. Qe3 {[%emt 0:00:21]} Ngf6 {[%emt 0:01:49]} 8. O-O {[%emt 0:00:46]} Be7 {[%emt 0:05:16]} 9. c4 {[%emt 0:12:05]} O-O {[%emt 0:01:32]} 10. Nc3 {[%emt 0:00:23]} Re8 {[%emt 0:07:26]} 11. b3 {[%emt 0:01:03]} Nc5 {[%emt 0:06:05]} 12. Rd1 {[%emt 0:00:58]} Qa5 {[%emt 0:19:55]} 13. Rb1 {[%emt 0:02:55]} Ne6 {[%emt 0:07:24]} 14. b4 {[%emt 0:06:51]} Qc7 {[%emt 0:00:21]} 15. g3 {[%emt 0:05:13]} Bd7 {[%emt 0:02:57]} 16. Qd3 {[%emt 0:09:58]} b5 {[%emt 0:06:47]} 17. Nd5 {[%emt 0:03:30]} Nxd5 {[%emt 0:07:24]} 18. cxd5 {[%emt 0:00:25]} Nf8 {[%emt 0:00:46]} 19. Nd2 {[%emt 0:15:28]} Rec8 {[%emt 0:04:46]} 20. Nb3 {[%emt 0:02:27]} Qc2 {[%emt 0:05:06]} 21. Na5 {[%emt 0:12:57]} Ng6 {[%emt 0:03:14]} 22. Be3 {[%emt 0:01:13]} f5 {[%emt 0:02:17]} 23. Nc6 {[%emt 0:01:52]} Qxd3 {[%emt 0:00:34]} 24. Bxd3 {[%emt 0:00:03]} Bxc6 {[%emt 0:02:51]} 25. dxc6 {[%emt 0:04:20]} f4 {[%emt 0:00:06]} 26. Bd2 {[%emt 0:03:42]} Rxc6 {[%emt 0:01:23]} 27. a4 {[%emt 0:00:15]} Rb8 {[%emt 0:04:48]} 28. axb5 {[%emt 0:01:15]} axb5 {[%emt 0:00:04]} 29. Rbc1 {[%emt 0:00:12]} Rcb6 {[%emt 0:00:51]} 30. Bc2 {[%emt 0:00:35]} Bd8 {[%emt 0:01:52]} 31. Bb3+ {[%emt 0:00:09]} Kh8 {[%emt 0:00:06]} 32. Bd5 {[%emt 0:02:08]} Ra6 {[%emt 0:03:13]} 33. Kg2 {[%emt 0:01:06]} h6 {[%emt 0:00:41]} 34. Rc2 {[%emt 0:01:16]} fxg3 {[%emt 0:00:55]} 35. hxg3 {[%emt 0:00:02]} Ne7 {[%emt 0:00:14]} 36. Be6 {[%emt 0:05:38]} Kh7 {[%emt 0:01:43]} 37. Be3 {[%emt 0:00:53]} Nc6 {[%emt 0:01:23]} 38. Rxd6 {[%emt 0:00:29]} Nxb4 {[%emt 0:00:03]} 39. Bf5+ {[%emt 0:01:19]} Kg8 {[%emt 0:00:34]} 40. Rcd2 {[%emt 0:01:00]} Rxd6 41. Rxd6 Nc2 {[%emt 0:12:00]} 42. Ba7 {[%emt 0:00:00]} Ra8 {[%emt 0:00:07]} 43. Be6+ {[%emt 0:00:15]} Kh7 {[%emt 0:01:48]} 44. Rd7 {[%emt 0:00:56]} Bf6 {[%emt 0:01:20]} 45. Rb7 {[%emt 0:01:23]} b4 {[%emt 0:00:36]} 46. Bc5 {[%emt 0:07:06]} Re8 {[%emt 0:06:54]} 47. Bf5+ {[%emt 0:06:23]} Kg8 {[%emt 0:00:07]} 48. Bg6 {[%emt 0:00:07]} Rc8 {[%emt 0:01:05]} 49. f4 {[%emt 0:01:08]} Ne1+ {[%emt 0:04:12]} 50. Kh3 {[%emt 0:00:24]} Nd3 {[%emt 0:00:11]} 51. Bd6 {[%emt 0:00:53]} Rd8 {[%emt 0:00:34]} 52. Bc7 {[%emt 0:00:19]} Rc8 {[%emt 0:01:27]} 53. Bb8 {[%emt 0:06:50]} Nc5 {[%emt 0:05:23]} 54. Rb5 {[%emt 0:00:54]} exf4 {[%emt 0:01:39]} 55. gxf4 {[%emt 0:03:15]} Be7 {[%emt 0:00:45]} 56. Be5 {[%emt 0:02:12]} Nd3 {[%emt 0:01:08]} 57. Bf5 {[%emt 0:01:13]} Rc5 {[%emt 0:00:40]} 58. Rb7 {[%emt 0:03:27]} Nxe5 {[%emt 0:00:38]} 59. Rxe7 {[%emt 0:00:05]} Nc6 {[%emt 0:00:47]} 60. Rb7 {[%emt 0:01:17]} g5 {[%emt 0:00:32]} 61. Be6+ {[%emt 0:02:04]} Kf8 {[%emt 0:00:17]} 62. f5 {[%emt 0:00:29]} Nd4 {[%emt 0:00:43]} 63. Bd5 {[%emt 0:00:39]} b3 {[%emt 0:00:35]} 64. f6 {[%emt 0:00:56]} Rb5 {[%emt 0:00:30]} 65. Rg7 {[%emt 0:00:35]} b2 {[%emt 0:00:30]} 66. Rg8# {[%emt 0:00:07]} 1-0

[Event "SVK Extraliga 2019-20"]
[Site "Slovakia"]
[Date "2019.11.23"]
[Round "3.8"]
[White "Bombek, Peter"]
[Black "Takacs, Laszlo"]
[Result "1/2-1/2"]
[WhiteElo "2151"]
[BlackElo "2249"]
[Annotator "NA"]
[PlyCount "95"]
[EventDate "2019.10.19"]
[EventType "team-tourn"]
[EventCountry "SVK"]
[SourceTitle "playchess.com"]
[Source "ChessBase"]
[SourceQuality "1"]
[WhiteTeam "Dubnica"]
[BlackTeam "Streda"]
[TimeControl "40/5400+30:1800+30"]

1. d4 {[%emt 0:00:00]} Nf6 {[%emt 0:00:00]} 2. Bg5 {[%emt 0:00:00]} Ne4 {[%emt 0:00:00]} 3. Bf4 {[%emt 0:00:05]} c5 {[%emt 0:00:00]} 4. f3 {[%emt 0:00:27]} Qa5+ {[%emt 0:00:06]} 5. c3 {[%emt 0:00:21]} Nf6 {[%emt 0:00:18]} 6. Nd2 {[%emt 0:00:18]} cxd4 {[%emt 0:00:18]} 7. Nb3 {[%emt 0:00:21]} Qd8 {[%emt 0:00:10]} 8. cxd4 {[%emt 0:07:31]} d5 {[%emt 0:02:36]} 9. e3 {[%emt 0:01:31]} e6 {[%emt 0:03:12]} 10. Ne2 {[%emt 0:05:34]} Nc6 {[%emt 0:06:15]} 11. g4 {[%emt 0:05:49]} a5 {[%emt 0:10:21]} 12. Nc3 {[%emt 0:03:16]} Bd6 {[%emt 0:15:03]} 13. Bxd6 {[%emt 0:04:23]} Qxd6 {[%emt 0:00:05]} 14. Nb5 {[%emt 0:03:22]} Qb4+ {[%emt 0:10:15]} 15. Qd2 {[%emt 0:01:52]} Qxd2+ {[%emt 0:01:33]} 16. Kxd2 {[%emt 0:03:41]} Ke7 {[%emt 0:00:11]} 17. Rc1 {[%emt 0:03:02]} Bd7 {[%emt 0:05:55]} 18. Nc5 {[%emt 0:05:16]} Rab8 {[%emt 0:00:24]} 19. Be2 {[%emt 0:04:06]} Ne8 {[%emt 0:13:39]} 20. f4 {[%emt 0:08:56]} Nd6 {[%emt 0:02:12]} 21. Nxd6 {[%emt 0:03:30]} Kxd6 {[%emt 0:00:12]} 22. Bb5 {[%emt 0:01:09]} Be8 {[%emt 0:07:07]} 23. Bxc6 {[%emt 0:02:01]} Bxc6 {[%emt 0:00:37]} 24. g5 {[%emt 0:02:54]} b6 {[%emt 0:12:00]} 25. Nd3 {[%emt 0:01:23]} f6 {[%emt 0:04:15]} 26. Rhg1 {[%emt 0:01:32]} Rb7 {[%emt 0:00:33]} 27. Nf2 {[%emt 0:05:55]} Re7 {[%emt 0:03:42]} 28. gxf6 {[%emt 0:02:19]} gxf6 {[%emt 0:00:05]} 29. Rg3 {[%emt 0:07:54]} Rf8 {[%emt 0:01:34]} 30. Rcg1 {[%emt 0:02:51]} Be8 {[%emt 0:00:48]} 31. Rg8 {[%emt 0:03:20]} Rxg8 {[%emt 0:00:08]} 32. Rxg8 {[%emt 0:00:00]} Bg6 {[%emt 0:00:05]} 33. Rd8+ {[%emt 0:01:03]} Rd7 {[%emt 0:01:07]} 34. Rxd7+ {[%emt 0:00:34]} Kxd7 {[%emt 0:00:04]} 35. Ng4 {[%emt 0:03:09]} Ke7 {[%emt 0:00:06]} 36. h4 {[%emt 0:01:27]} Bf5 {[%emt 0:00:41]} 37. Nf2 {[%emt 0:02:42]} Kf7 {[%emt 0:00:50]} 38. Nh1 {[%emt 0:00:08]} Bb1 {[%emt 0:01:27]} 39. a3 {[%emt 0:00:31]} Ke7 {[%emt 0:00:49]} 40. Kc3 {[%emt 0:00:50]} Kd6 {[%emt 0:00:33]} 41. Ng3 {[%emt 0:31:16]} b5 {[%emt 0:18:19]} 42. Nh5 {[%emt 0:00:00]} Ke7 {[%emt 0:00:12]} 43. b4 {[%emt 0:00:00]} a4 {[%emt 0:00:58]} 44. Kd2 {[%emt 0:00:00]} Kf7 {[%emt 0:00:12]} 45. Ng3 {[%emt 0:00:00]} Kg6 {[%emt 0:01:14]} 46. Ke1 {[%emt 0:00:00]} Bd3 {[%emt 0:00:19]} 47. Kf2 {[%emt 0:00:00]} Bc2 {[%emt 0:04:49]} 48. Ke1 {[%emt 0:00:00]} 1/2-1/2

[Event "SVK Extraliga 2019-20"]
[Site "Slovakia"]
[Date "2019.11.23"]
[Round "3.8"]
[White "Mydlarik, Martin"]
[Black "Gazik, Igor"]
[Result "0-1"]
[WhiteElo "2127"]
[BlackElo "2253"]
[Annotator "NA"]
[PlyCount "124"]
[EventDate "2019.10.19"]
[EventType "team-tourn"]
[EventCountry "SVK"]
[SourceTitle "playchess.com"]
[Source "ChessBase"]
[SourceQuality "1"]
[WhiteTeam "Modra"]
[BlackTeam "Podhajska"]
[TimeControl "40/5400+30:1800+30"]

1. e4 {[%emt 0:00:00]} c6 {[%emt 0:00:00]} 2. d4 {[%emt 0:00:38]} d5 {[%emt 0:00:00]} 3. Nc3 {[%emt 0:00:09]} g6 {[%emt 0:00:00]} 4. h3 {[%emt 0:03:18]} Bg7 {[%emt 0:00:27]} 5. Nf3 {[%emt 0:00:07]} Nh6 {[%emt 0:01:27]} 6. Bf4 {[%emt 0:04:06]} f6 {[%emt 0:01:17]} 7. Qd2 {[%emt 0:07:00]} Nf7 {[%emt 0:00:09]} 8. exd5 {[%emt 0:01:35]} cxd5 {[%emt 0:00:17]} 9. Bb5+ {[%emt 0:00:31]} Nc6 {[%emt 0:00:22]} 10. O-O {[%emt 0:00:20]} O-O {[%emt 0:00:17]} 11. Rfe1 {[%emt 0:01:19]} Re8 {[%emt 0:08:33]} 12. Ba4 {[%emt 0:11:03]} e6 {[%emt 0:02:57]} 13. Re2 {[%emt 0:03:04]} Bd7 {[%emt 0:00:18]} 14. Rae1 {[%emt 0:00:37]} Rc8 {[%emt 0:11:05]} 15. Nd1 {[%emt 0:09:32]} a6 {[%emt 0:07:09]} 16. c3 {[%emt 0:02:14]} b5 {[%emt 0:12:37]} 17. Bc2 {[%emt 0:03:09]} Na5 {[%emt 0:01:40]} 18. b3 {[%emt 0:02:46]} Nc6 {[%emt 0:21:18]} 19. Nb2 {[%emt 0:04:42]} e5 {[%emt 0:05:31]} 20. dxe5 {[%emt 0:01:20]} fxe5 {[%emt 0:00:05]} 21. Be3 {[%emt 0:03:46]} Be6 {[%emt 0:03:01]} 22. Ng5 {[%emt 0:02:04]} Nxg5 {[%emt 0:00:51]} 23. Bxg5 {[%emt 0:00:02]} Qa5 {[%emt 0:00:45]} 24. Bb1 {[%emt 0:05:54]} e4 {[%emt 0:06:51]} 25. Nd1 {[%emt 0:03:39]} Bf7 {[%emt 0:12:08]} 26. Qf4 {[%emt 0:02:40]} b4 {[%emt 0:01:14]} 27. cxb4 {[%emt 0:12:28]} Qxb4 {[%emt 0:00:08]} 28. Ne3 {[%emt 0:07:42]} Nd4 {[%emt 0:00:34]} 29. Ng4 {[%emt 0:00:10]} Nxe2+ {[%emt 0:01:40]} 30. Rxe2 {[%emt 0:00:01]} Qb8 {[%emt 0:00:27]} 31. Qxb8 {[%emt 0:05:12]} Rxb8 {[%emt 0:00:01]} 32. Nf6+ {[%emt 0:00:08]} Bxf6 {[%emt 0:00:11]} 33. Bxf6 {[%emt 0:00:04]} Rbc8 {[%emt 0:00:09]} 34. Re1 {[%emt 0:00:14]} Rc6 {[%emt 0:01:22]} 35. Bb2 {[%emt 0:02:22]} Rb8 {[%emt 0:00:15]} 36. Kh2 {[%emt 0:01:04]} Be6 {[%emt 0:00:37]} 37. Kg3 {[%emt 0:00:50]} a5 {[%emt 0:00:47]} 38. Be5 {[%emt 0:00:29]} Rbc8 {[%emt 0:00:53]} 39. Bb2 {[%emt 0:01:33]} Rb6 {[%emt 0:00:37]} 40. Bd4 {[%emt 0:00:45]} Rb4 {[%emt 0:00:23]} 41. Be5 {[%emt 0:01:20]} Bf5 {[%emt 0:04:55]} 42. Bd6 {[%emt 0:06:33]} Rb6 {[%emt 0:02:34]} 43. Be5 {[%emt 0:00:57]} Kf7 {[%emt 0:06:26]} 44. Kf4 {[%emt 0:06:45]} Ke6 {[%emt 0:03:05]} 45. Bd4 {[%emt 0:01:40]} Rb4 {[%emt 0:00:19]} 46. Ke3 {[%emt 0:00:54]} g5 {[%emt 0:01:10]} 47. Rd1 {[%emt 0:06:02]} h5 {[%emt 0:02:31]} 48. Re1 {[%emt 0:02:39]} a4 {[%emt 0:05:05]} 49. bxa4 {[%emt 0:00:14]} Rcc4 {[%emt 0:00:14]} 50. Ba1 {[%emt 0:02:11]} d4+ {[%emt 0:00:37]} 51. Ke2 {[%emt 0:00:04]} Rxa4 {[%emt 0:03:18]} 52. Rd1 {[%emt 0:03:09]} g4 {[%emt 0:01:49]} 53. hxg4 {[%emt 0:00:51]} Bxg4+ {[%emt 0:00:09]} 54. f3 {[%emt 0:00:10]} exf3+ {[%emt 0:00:06]} 55. gxf3 {[%emt 0:00:07]} Bf5 {[%emt 0:00:05]} 56. Bxf5+ {[%emt 0:01:45]} Kxf5 {[%emt 0:00:06]} 57. Kd3 {[%emt 0:00:11]} Rcb4 {[%emt 0:00:08]} 58. Rd2 {[%emt 0:02:35]} Kf4 {[%emt 0:00:20]} 59. Ke2 {[%emt 0:01:01]} h4 {[%emt 0:00:20]} 60. a3 {[%emt 0:01:05]} Rc4 {[%emt 0:01:39]} 61. Kf2 {[%emt 0:00:09]} h3 {[%emt 0:00:24]} 62. Bb2 {[%emt 0:00:12]} d3 {[%emt 0:01:11]} 0-1

[Event "SVK Extraliga 2019-20"]
[Site "Slovakia"]
[Date "2019.11.24"]
[Round "4"]
[White "Piorun, Kacper"]
[Black "Markos, Jan"]
[Result "1/2-1/2"]
[WhiteElo "2623"]
[BlackElo "2571"]
[Annotator "ChessBase"]
[PlyCount "22"]
[EventDate "2019.10.19"]
[EventType "team-tourn"]
[EventCountry "SVK"]
[SourceTitle "playchess.com"]
[Source "ChessBase"]
[SourceQuality "1"]
[WhiteTeam "Dunajov"]
[BlackTeam "Snina"]
[TimeControl "40/5400+30:1800+30"]

1. d4 {[%emt 0:00:00]} Nf6 {[%emt 0:00:00]} 2. c4 {[%emt 0:00:00]} e6 {[%emt 0:01:02]} 3. Nc3 {[%emt 0:00:00]} Bb4 {[%emt 0:00:05]} 4. e3 {[%emt 0:00:00]} O-O {[%emt 0:00:09]} 5. Bd2 d5 {[%emt 0:05:13]} 6. Nf3 {[%emt 0:00:03]} b6 {[%emt 0:12:44]} 7. cxd5 {[%emt 0:00:06]} exd5 {[%emt 0:00:19]} 8. Rc1 {[%emt 0:00:07]} a6 {[%emt 0:03:02]} 9. Bd3 {[%emt 0:06:10]} Bd6 {[%emt 0:01:16]} 10. Qb3 {[%emt 0:06:21]} Bb7 {[%emt 0:03:20]} 11. O-O {[%emt 0:12:56]} Nbd7 {[%emt 0:00:17]} 1/2-1/2

[Event "SVK Extraliga 2019-20"]
[Site "Slovakia"]
[Date "2019.11.24"]
[Round "4"]
[White "Tazbir, Marcin"]
[Black "Krak, Tomas"]
[Result "1/2-1/2"]
[WhiteElo "2529"]
[BlackElo "2317"]
[Annotator "ChessBase"]
[PlyCount "41"]
[EventDate "2019.10.19"]
[EventType "team-tourn"]
[EventCountry "SVK"]
[SourceTitle "playchess.com"]
[Source "ChessBase"]
[SourceQuality "1"]
[WhiteTeam "Dunajov"]
[BlackTeam "Snina"]
[TimeControl "40/5400+30:1800+30"]

1. e4 {[%emt 0:00:00]} c5 {[%emt 0:00:22]} 2. Nc3 {[%emt 0:00:00]} d6 {[%emt 0:00:12]} 3. d4 {[%emt 0:00:00]} cxd4 {[%emt 0:00:26]} 4. Qxd4 {[%emt 0:00:00]} a6 {[%emt 0:02:14]} 5. b3 {[%emt 0:00:04]} Nf6 {[%emt 0:08:19]} 6. Bb2 {[%emt 0:00:17]} e5 {[%emt 0:05:51]} 7. Qd2 {[%emt 0:01:12]} Be7 {[%emt 0:00:07]} 8. f3 {[%emt 0:01:07]} Be6 {[%emt 0:04:34]} 9. O-O-O {[%emt 0:05:30]} Nbd7 {[%emt 0:06:06]} 10. Kb1 {[%emt 0:02:27]} b5 {[%emt 0:01:35]} 11. g4 {[%emt 0:03:06]} Nb6 {[%emt 0:08:29]} 12. Ba3 {[%emt 0:09:12]} O-O {[%emt 0:00:55]} 13. Nge2 {[%emt 0:07:35]} d5 {[%emt 0:09:27]} 14. Bxe7 {[%emt 0:07:36]} Qxe7 {[%emt 0:00:09]} 15. g5 {[%emt 0:00:03]} Nh5 {[%emt 0:00:09]} 16. Nxd5 {[%emt 0:03:13]} Nxd5 {[%emt 0:00:17]} 17. exd5 {[%emt 0:00:06]} Bxd5 {[%emt 0:00:22]} 18. Qe3 {[%emt 0:02:22]} Rad8 {[%emt 0:01:45]} 19. Bh3 {[%emt 0:02:37]} f5 {[%emt 0:09:31]} 20. gxf6 {[%emt 0:01:51]} Qxf6 {[%emt 0:00:45]} 21. Bg4 {[%emt 0:01:02]} 1/2-1/2

[Event "SVK Extraliga 2019-20"]
[Site "Slovakia"]
[Date "2019.11.24"]
[Round "4"]
[White "Mrva, Martin"]
[Black "Antoniewski, Rafal"]
[Result "0-1"]
[WhiteElo "2402"]
[BlackElo "2481"]
[Annotator "ChessBase"]
[PlyCount "130"]
[EventDate "2019.10.19"]
[EventType "team-tourn"]
[EventCountry "SVK"]
[SourceTitle "playchess.com"]
[Source "ChessBase"]
[SourceQuality "1"]
[WhiteTeam "Snina"]
[BlackTeam "Dunajov"]
[TimeControl "40/5400+30:1800+30"]

1. e4 {[%emt 0:00:00]} c6 {[%emt 0:00:17]} 2. Nf3 {[%emt 0:00:00]} d5 {[%emt 0:00:08]} 3. Nc3 {[%emt 0:00:00]} Bg4 {[%emt 0:01:17]} 4. h3 {[%emt 0:00:14]} Bxf3 {[%emt 0:00:08]} 5. Qxf3 {[%emt 0:00:05]} e6 {[%emt 0:00:07]} 6. g3 {[%emt 0:00:35]} Nf6 {[%emt 0:05:01]} 7. Bg2 {[%emt 0:00:20]} Bb4 {[%emt 0:00:07]} 8. O-O {[%emt 0:05:17]} O-O {[%emt 0:00:31]} 9. Re1 {[%emt 0:09:30]} Bxc3 {[%emt 0:05:59]} 10. Qxc3 {[%emt 0:00:15]} Nxe4 {[%emt 0:05:50]} 11. Bxe4 {[%emt 0:00:53]} dxe4 {[%emt 0:00:05]} 12. Rxe4 {[%emt 0:00:05]} Nd7 {[%emt 0:00:28]} 13. b3 {[%emt 0:02:34]} Qf6 {[%emt 0:07:51]} 14. d4 {[%emt 0:04:19]} Qf5 {[%emt 0:04:25]} 15. Rf4 {[%emt 0:10:40]} Qxh3 {[%emt 0:02:49]} 16. Bb2 {[%emt 0:10:35]} f6 {[%emt 0:01:12]} 17. Re1 {[%emt 0:00:33]} Rf7 {[%emt 0:04:50]} 18. Rfe4 {[%emt 0:09:38]} Qf5 {[%emt 0:16:35]} 19. Qd2 {[%emt 0:08:02]} Re8 {[%emt 0:08:45]} 20. c4 {[%emt 0:03:32]} e5 {[%emt 0:08:09]} 21. Kg2 {[%emt 0:01:48]} Ref8 {[%emt 0:08:53]} 22. Ba3 {[%emt 0:02:18]} Rc8 {[%emt 0:00:42]} 23. Qa5 {[%emt 0:05:57]} b6 {[%emt 0:01:33]} 24. Qa6 {[%emt 0:00:05]} Nb8 {[%emt 0:00:30]} 25. Qa4 {[%emt 0:00:06]} c5 {[%emt 0:02:12]} 26. dxc5 {[%emt 0:00:57]} bxc5 {[%emt 0:00:05]} 27. Qa5 {[%emt 0:02:03]} Rfc7 {[%emt 0:02:37]} 28. Qd2 {[%emt 0:03:07]} Qd7 {[%emt 0:00:50]} 29. R4e2 {[%emt 0:05:56]} Qc6+ {[%emt 0:00:21]} 30. Kg1 {[%emt 0:01:11]} Rd7 {[%emt 0:00:20]} 31. Qe3 {[%emt 0:00:36]} Qd6 {[%emt 0:01:32]} 32. g4 {[%emt 0:02:09]} h6 {[%emt 0:00:17]} 33. Rc1 {[%emt 0:06:27]} Qe6 {[%emt 0:02:30]} 34. f3 {[%emt 0:00:59]} Na6 {[%emt 0:01:24]} 35. Rg2 {[%emt 0:01:05]} Rcd8 {[%emt 0:01:29]} 36. Rc3 {[%emt 0:01:46]} Rd4 {[%emt 0:00:13]} 37. Re2 {[%emt 0:00:59]} Qd6 {[%emt 0:01:14]} 38. Kg2 {[%emt 0:00:11]} Nc7 {[%emt 0:00:35]} 39. Qf2 {[%emt 0:00:18]} Ne6 {[%emt 0:00:08]} 40. Bc1 {[%emt 0:00:06]} Qc6 {[%emt 0:00:56]} 41. Kg3 {[%emt 0:30:54]} Rd3 {[%emt 0:32:16]} 42. Rxd3 {[%emt 0:03:11]} Rxd3 {[%emt 0:00:05]} 43. Be3 {[%emt 0:01:19]} Qd6 {[%emt 0:00:27]} 44. Kg2 {[%emt 0:00:00]} Nd4 {[%emt 0:00:00]} 45. Rd2 {[%emt 0:00:00]} Rc3 {[%emt 0:00:00]} 46. Bxd4 {[%emt 0:00:00]} exd4 {[%emt 0:00:00]} 47. Qe2 {[%emt 0:00:00]} Qf4 {[%emt 0:00:00]} 48. Qe6+ {[%emt 0:00:00]} Kh7 {[%emt 0:00:00]} 49. Qf5+ {[%emt 0:00:00]} Qxf5 {[%emt 0:00:00]} 50. gxf5 {[%emt 0:00:00]} a5 {[%emt 0:00:00]} 51. Kg3 {[%emt 0:00:00]} a4 {[%emt 0:00:00]} 52. bxa4 {[%emt 0:00:00]} Rxc4 {[%emt 0:00:00]} 53. Kf4 {[%emt 0:00:00]} Rxa4 {[%emt 0:00:00]} 54. Ke4 {[%emt 0:00:00]} Ra3 {[%emt 0:00:00]} 55. Rf2 {[%emt 0:00:00]} d3 {[%emt 0:00:00]} 56. Kd5 {[%emt 0:00:00]} Rc3 {[%emt 0:00:00]} 57. Rd2 {[%emt 0:00:00]} c4 {[%emt 0:00:00]} 58. Kd4 {[%emt 0:02:34]} Rc2 {[%emt 0:00:00]} 59. Ke3 {[%emt 0:00:05]} Rc1 {[%emt 0:00:00]} 60. a3 {[%emt 0:02:42]} Ra1 {[%emt 0:00:00]} 61. Kd4 {[%emt 0:00:07]} Rxa3 {[%emt 0:01:25]} 62. Kxc4 {[%emt 0:00:05]} Ra5 {[%emt 0:00:10]} 63. Rxd3 {[%emt 0:01:18]} Rxf5 {[%emt 0:00:06]} 64. Kd4 {[%emt 0:00:12]} Re5 {[%emt 0:00:48]} 65. f4 {[%emt 0:00:04]} Re7 {[%emt 0:00:13]} 0-1

[Event "SVK Extraliga 2019-20"]
[Site "Slovakia"]
[Date "2019.11.24"]
[Round "4"]
[White "Sepesi, Samuel"]
[Black "Pniaczek, Marek"]
[Result "0-1"]
[WhiteElo "2174"]
[BlackElo "2118"]
[Annotator "NA"]
[PlyCount "58"]
[EventDate "2019.10.19"]
[EventType "team-tourn"]
[EventCountry "SVK"]
[SourceTitle "playchess.com"]
[Source "ChessBase"]
[SourceQuality "1"]
[WhiteTeam "Snina"]
[BlackTeam "Dunajov"]
[TimeControl "40/5400+30:1800+30"]

1. e4 {[%emt 0:00:00]} e5 {[%emt 0:00:00]} 2. Nf3 {[%emt 0:00:00]} Nc6 {[%emt 0:00:00]} 3. Bc4 {[%emt 0:03:22]} Bc5 {[%emt 0:00:00]} 4. b4 {[%emt 0:00:33]} Bxb4 {[%emt 0:03:22]} 5. c3 {[%emt 0:00:07]} Ba5 {[%emt 0:00:15]} 6. d4 {[%emt 0:00:20]} Bb6 {[%emt 0:01:31]} 7. O-O {[%emt 0:08:04]} d6 {[%emt 0:03:15]} 8. dxe5 {[%emt 0:05:29]} dxe5 {[%emt 0:00:55]} 9. Qb3 {[%emt 0:11:46]} Qf6 {[%emt 0:01:43]} 10. Bg5 {[%emt 0:35:31]} Qg6 {[%emt 0:00:10]} 11. Rd1 {[%emt 0:07:15]} Bg4 {[%emt 0:02:22]} 12. Nbd2 {[%emt 0:00:35]} Nf6 {[%emt 0:14:39]} 13. Bd5 {[%emt 0:07:25]} O-O {[%emt 0:01:55]} 14. Bxc6 {[%emt 0:03:48]} bxc6 {[%emt 0:00:13]} 15. Bh4 {[%emt 0:00:11]} Rfe8 {[%emt 0:07:15]} 16. Bg3 {[%emt 0:00:41]} Bxf3 {[%emt 0:18:01]} 17. Nxf3 {[%emt 0:02:48]} Nxe4 {[%emt 0:02:37]} 18. Nxe5 {[%emt 0:00:33]} Qf6 {[%emt 0:05:03]} 19. Nf3 {[%emt 0:05:01]} Nxc3 {[%emt 0:01:57]} 20. Re1 {[%emt 0:00:16]} Ne2+ {[%emt 0:01:02]} 21. Kf1 {[%emt 0:00:04]} Nxg3+ {[%emt 0:00:15]} 22. hxg3 {[%emt 0:00:39]} Rad8 {[%emt 0:01:22]} 23. Rad1 {[%emt 0:01:41]} Rxe1+ {[%emt 0:02:21]} 24. Rxe1 {[%emt 0:00:12]} g6 {[%emt 0:01:15]} 25. Qc2 {[%emt 0:01:50]} Rd5 {[%emt 0:01:51]} 26. g4 {[%emt 0:00:20]} h6 {[%emt 0:01:39]} 27. Re8+ {[%emt 0:02:04]} Kg7 {[%emt 0:00:05]} 28. Qc1 {[%emt 0:00:54]} Rb5 {[%emt 0:04:50]} 29. a4 {[%emt 0:01:32]} Rb2 {[%emt 0:01:58]} 0-1

[Event "SVK Extraliga 2019-20"]
[Site "Slovakia"]
[Date "2019.11.24"]
[Round "4"]
[White "Kantorik, Marian"]
[Black "Mrvova, Alena"]
[Result "1-0"]
[WhiteElo "2165"]
[BlackElo "2165"]
[Annotator "NA"]
[PlyCount "101"]
[EventDate "2019.10.19"]
[EventType "team-tourn"]
[EventCountry "SVK"]
[SourceTitle "playchess.com"]
[Source "ChessBase"]
[SourceQuality "1"]
[WhiteTeam "Dunajov"]
[BlackTeam "Snina"]
[TimeControl "40/5400+30:1800+30"]

1. d4 {[%emt 0:00:00]} Nf6 {[%emt 0:00:50]} 2. c4 {[%emt 0:00:03]} e6 {[%emt 0:00:50]} 3. g3 {[%emt 0:01:11]} Bb4+ {[%emt 0:04:37]} 4. Bd2 {[%emt 0:00:34]} Be7 {[%emt 0:00:31]} 5. Bg2 {[%emt 0:00:55]} d5 {[%emt 0:00:18]} 6. Nf3 {[%emt 0:00:37]} O-O {[%emt 0:02:41]} 7. O-O {[%emt 0:00:06]} c5 {[%emt 0:04:19]} 8. cxd5 {[%emt 0:03:14]} Nxd5 {[%emt 0:01:58]} 9. dxc5 {[%emt 0:05:51]} Bxc5 {[%emt 0:00:33]} 10. Qc2 {[%emt 0:02:48]} Be7 {[%emt 0:05:00]} 11. Rd1 {[%emt 0:06:33]} Qb6 {[%emt 0:06:54]} 12. e4 {[%emt 0:02:25]} Nb4 {[%emt 0:00:11]} 13. Qb3 {[%emt 0:05:29]} N8c6 {[%emt 0:05:17]} 14. Be3 {[%emt 0:03:45]} Bc5 {[%emt 0:01:19]} 15. Bxc5 {[%emt 0:02:00]} Qxc5 {[%emt 0:00:03]} 16. Na3 {[%emt 0:01:01]} e5 {[%emt 0:01:48]} 17. Qc3 {[%emt 0:05:09]} Qe7 {[%emt 0:02:42]} 18. h3 {[%emt 0:05:35]} f6 {[%emt 0:02:12]} 19. Nc4 {[%emt 0:01:54]} Be6 {[%emt 0:06:03]} 20. a3 {[%emt 0:01:14]} Na6 {[%emt 0:00:34]} 21. Bf1 {[%emt 0:04:53]} Rac8 {[%emt 0:15:06]} 22. b4 {[%emt 0:09:21]} b5 {[%emt 0:05:41]} 23. Nd6 {[%emt 0:05:39]} Nd4 {[%emt 0:02:15]} 24. Nxc8 {[%emt 0:01:18]} Rxc8 {[%emt 0:00:06]} 25. Qe3 {[%emt 0:05:40]} Nc2 {[%emt 0:01:42]} 26. Qd2 {[%emt 0:00:05]} Nxa1 {[%emt 0:01:11]} 27. Rxa1 {[%emt 0:00:04]} Nc7 {[%emt 0:10:45]} 28. Rc1 {[%emt 0:03:50]} Ne8 {[%emt 0:04:01]} 29. Rxc8 {[%emt 0:02:05]} Bxc8 {[%emt 0:00:03]} 30. Qd5+ {[%emt 0:00:12]} Be6 {[%emt 0:01:17]} 31. Qxb5 {[%emt 0:00:06]} Nd6 {[%emt 0:00:04]} 32. Qc5 {[%emt 0:01:02]} Qd7 {[%emt 0:00:13]} 33. Nd2 {[%emt 0:01:09]} Nf7 {[%emt 0:02:05]} 34. Nc4 {[%emt 0:11:28]} Ng5 {[%emt 0:01:49]} 35. Nd6 {[%emt 0:00:57]} Nf3+ {[%emt 0:02:15]} 36. Kg2 {[%emt 0:00:52]} Nd2 {[%emt 0:01:43]} 37. Ba6 {[%emt 0:04:58]} Bxh3+ {[%emt 0:04:14]} 38. Kh1 {[%emt 0:00:26]} Be6 {[%emt 0:04:09]} 39. Bc8 {[%emt 0:00:53]} Qe7 {[%emt 0:00:03]} 40. Qc6 {[%emt 0:02:44]} g6 {[%emt 0:01:27]} 41. Bxe6+ {[%emt 0:30:55]} Qxe6 {[%emt 0:30:21]} 42. Qa8+ {[%emt 0:00:00]} Kg7 {[%emt 0:00:00]} 43. Qxa7+ {[%emt 0:00:00]} Kg8 {[%emt 0:00:00]} 44. Qb8+ {[%emt 0:00:00]} Kg7 {[%emt 0:00:00]} 45. Kg2 {[%emt 0:00:00]} f5 {[%emt 0:00:00]} 46. Qc7+ {[%emt 0:00:00]} Kh6 {[%emt 0:00:00]} 47. Nf7+ {[%emt 0:00:00]} Kh5 {[%emt 0:00:00]} 48. Qd8 {[%emt 0:00:00]} Nf3 {[%emt 0:00:00]} 49. Kxf3 {[%emt 0:00:00]} fxe4+ {[%emt 0:00:00]} 50. Kg2 {[%emt 0:00:00]} Qg4 {[%emt 0:00:00]} 51. Qh4+ {[%emt 0:00:00]} 1-0